Countries that border Romania - Statistics

General Stats
  • This quiz has been taken 22 times
  • The average score is 5 of 5
Answer Stats
Hint Answer % Correct
Similar flag to Romania Moldova
100%
In a war Ukraine
100%
South of Romania Bulgaria
89%
Russian Ally Serbia
89%
Not good terms with Romania Hungary
83%
No matching quizzes found
Score Distribution
Percent of People with Each Score
Percentile by Number Answered
Your Score History
You have not taken this quiz